000 00304nam a22001217a 4500
008 230622b xxu||||| |||| 00| 0 eng d
082 _a329.95
_bGHO
100 _cSankar Ghose
245 _aIndian National Congress
_bIts History and Heritage
260 _bV.N Malhotra
300 _a390p
942 _2ddc
_cBK
999 _c2351
_d2351